<?xml version="1.0" encoding="UTF-8"?>
<record
    xmlns:xsi="http://www.w3.org/2001/XMLSchema-instance"
    xsi:schemaLocation="http://www.loc.gov/MARC21/slim http://www.loc.gov/standards/marcxml/schema/MARC21slim.xsd"
    xmlns="http://www.loc.gov/MARC21/slim">

  <leader>00913nam a22002297a 4500</leader>
  <controlfield tag="005">20250718095425.0</controlfield>
  <controlfield tag="008">220610b           ||||| |||| 00| 0 eng d</controlfield>
  <datafield tag="020" ind1=" " ind2=" ">
    <subfield code="a">9789385682933</subfield>
  </datafield>
  <datafield tag="040" ind1=" " ind2=" ">
    <subfield code="c">AL</subfield>
  </datafield>
  <datafield tag="041" ind1=" " ind2=" ">
    <subfield code="a">eng</subfield>
  </datafield>
  <datafield tag="082" ind1=" " ind2=" ">
    <subfield code="2">23</subfield>
    <subfield code="a">332.401</subfield>
    <subfield code="b">LOBM</subfield>
  </datafield>
  <datafield tag="100" ind1=" " ind2=" ">
    <subfield code="a">Norbert Lobo</subfield>
    <subfield code="9">219328</subfield>
  </datafield>
  <datafield tag="245" ind1=" " ind2=" ">
    <subfield code="a">Monetary economics</subfield>
  </datafield>
  <datafield tag="260" ind1=" " ind2=" ">
    <subfield code="a">Mangalore</subfield>
    <subfield code="b">United Agencies</subfield>
    <subfield code="c">2022</subfield>
  </datafield>
  <datafield tag="300" ind1=" " ind2=" ">
    <subfield code="a">vi,234p.</subfield>
    <subfield code="b">PB</subfield>
    <subfield code="c">21x13cm.</subfield>
  </datafield>
  <datafield tag="365" ind1=" " ind2=" ">
    <subfield code="2">Economics</subfield>
    <subfield code="a">1447</subfield>
    <subfield code="b">136.00</subfield>
    <subfield code="c">&#x20B9;</subfield>
    <subfield code="d">170.00</subfield>
    <subfield code="e">20%</subfield>
    <subfield code="f">03-06-2022</subfield>
  </datafield>
  <datafield tag="520" ind1=" " ind2=" ">
    <subfield code="a">Contents:
Nature and functions of money
Theories of value of money
Inflation
Commercial Banking
New Age Banking
Central Banking
Internations Banking and Finance
International Monetary Fund
IBRD or World Bank
Asian Development Banks BRICS
Bank and Internatioal Financial Coroporation 220
</subfield>
  </datafield>
  <datafield tag="650" ind1=" " ind2=" ">
    <subfield code="a">Economics</subfield>
    <subfield code="9">41595</subfield>
  </datafield>
  <datafield tag="650" ind1=" " ind2=" ">
    <subfield code="a">Banking</subfield>
    <subfield code="9">41596</subfield>
  </datafield>
  <datafield tag="650" ind1=" " ind2=" ">
    <subfield code="a">NEP BA II Sem</subfield>
    <subfield code="9">41597</subfield>
  </datafield>
  <datafield tag="942" ind1=" " ind2=" ">
    <subfield code="2">ddc</subfield>
    <subfield code="c">BK</subfield>
  </datafield>
  <datafield tag="999" ind1=" " ind2=" ">
    <subfield code="c">223325</subfield>
    <subfield code="d">223325</subfield>
  </datafield>
  <datafield tag="952" ind1=" " ind2=" ">
    <subfield code="0">0</subfield>
    <subfield code="1">0</subfield>
    <subfield code="2">ddc</subfield>
    <subfield code="4">0</subfield>
    <subfield code="7">3</subfield>
    <subfield code="8">ECO</subfield>
    <subfield code="a">AL</subfield>
    <subfield code="b">AL</subfield>
    <subfield code="d">2022-06-09</subfield>
    <subfield code="e">Biblios Book Point, Surathkal, Mangalore-575014</subfield>
    <subfield code="g">136.00</subfield>
    <subfield code="l">0</subfield>
    <subfield code="o">332.401 LOBM</subfield>
    <subfield code="p">075897</subfield>
    <subfield code="r">2022-06-10 00:00:00</subfield>
    <subfield code="v">170.00</subfield>
    <subfield code="w">2022-06-10</subfield>
    <subfield code="y">REF</subfield>
  </datafield>
  <datafield tag="952" ind1=" " ind2=" ">
    <subfield code="0">0</subfield>
    <subfield code="1">0</subfield>
    <subfield code="2">ddc</subfield>
    <subfield code="4">0</subfield>
    <subfield code="7">0</subfield>
    <subfield code="8">ECO</subfield>
    <subfield code="a">AL</subfield>
    <subfield code="b">AL</subfield>
    <subfield code="d">2022-06-09</subfield>
    <subfield code="e">Biblios Book Point, Surathkal, Mangalore-575014</subfield>
    <subfield code="g">136.00</subfield>
    <subfield code="l">1</subfield>
    <subfield code="o">332.401 LOBM</subfield>
    <subfield code="p">075898</subfield>
    <subfield code="r">2025-01-27 00:00:00</subfield>
    <subfield code="s">2025-01-07</subfield>
    <subfield code="v">170.00</subfield>
    <subfield code="w">2022-06-10</subfield>
    <subfield code="y">BK</subfield>
  </datafield>
  <datafield tag="952" ind1=" " ind2=" ">
    <subfield code="0">0</subfield>
    <subfield code="1">0</subfield>
    <subfield code="2">ddc</subfield>
    <subfield code="4">0</subfield>
    <subfield code="7">0</subfield>
    <subfield code="8">ECO</subfield>
    <subfield code="a">AL</subfield>
    <subfield code="b">AL</subfield>
    <subfield code="d">2022-06-09</subfield>
    <subfield code="e">Biblios Book Point, Surathkal, Mangalore-575014</subfield>
    <subfield code="g">136.00</subfield>
    <subfield code="l">1</subfield>
    <subfield code="o">332.401 LOBM</subfield>
    <subfield code="p">075899</subfield>
    <subfield code="r">2023-02-23 00:00:00</subfield>
    <subfield code="s">2023-02-14</subfield>
    <subfield code="v">170.00</subfield>
    <subfield code="w">2022-06-10</subfield>
    <subfield code="y">BK</subfield>
  </datafield>
</record>
